Państwa, w których odbył się wyścig Formuły E - Statystyki

Ogólne statystyki
  • Ten quiz został rozwiązany 126 razy
  • Średni wynik to 13 z 19
Statystyki odpowiedzi
Pierwszy wyścig Państwo % Poprawnych
2015 Niemcy
95%
2016 Francja
93%
2015 Stany Zjednoczone
93%
2018 Włochy
93%
2015 Wielka Brytania
90%
2016 Meksyk
86%
2017 Kanada
84%
2014 Chiny
83%
2015 Rosja
78%
2015 Monako
74%
2018 Arabia Saudyjska
68%
2015 Argentyna
68%
2018 Szwajcaria
59%
2020 (odwołane) Korea Południowa
54%
2018 Chile
49%
2016 Maroko
47%
2020 (odwołane) Indonezja
46%
2014 Malezja
46%
2014 Urugwaj
26%
Nie znaleziono quizów pasujących do podanych kryteriów
Rozkład punktacji
Procent ludzi z każdym wynikiem
Percentyl według liczby udzielonych odpowiedzi
Twoja historia wyników
Nie rozwiązałeś tego quizu